[Event "Karlsruhe Grenke op"]
[Site "Karlsruhe"]
[Date "2025.04.21"]
[Round "9"]
[White "Sabuk, Piotr"]
[Black "Schneider, Ilja"]
[Result "0-1"]
[WhiteElo "2310"]
[BlackElo "2408"]
[PlyCount "70"]
[EventDate "2025.04.17"]
[EventType "swiss"]
[EventRounds "9"]
[EventCountry "GER"]
[SourceTitle "CB17_2025"]
[SourceDate "2025.04.23"]
[SourceVersion "1"]
[SourceVersionDate "2025.04.23"]
[SourceQuality "1"]

1. d4 Nf6 2. c4 e6 3. Nc3 Bb4 4. e3 0-0 5. Bd3 d5 6. a3 Bxc3+ 7. bxc3 dxc4 8. Bxc4 c5 9. Nf3 Qc7 10. Be2 b6 11. Bb2 Rd8 12. c4 Bb7 13. 0-0 Nc6 14. h3 Rac8 15. Rc1 cxd4 16. exd4 Nxd4 17. Nxd4 e5 18. Bg4 Nxg4 19. Qxg4 exd4 20. Rfd1 Rd6 21. Rxd4 Rg6 22. Qd7 Qxd7 23. Rxd7 Bxg2 24. Rxa7 Bf3+ 25. Kf1 Re8 26. Bd4 Bg2+ 27. Kg1 Be4+ 28. Kh2 Rg2+ 29. Kh1 Bf3 30. Rd7 h6 31. c5 Re2 32. c6 Rgxf2+ 33. Kg1 Rh2 34. Kf1 Rh1+ 35. Bg1 Rg2 0-1

[Event "Karlsruhe Grenke op"]
[Site "Karlsruhe"]
[Date "2025.04.20"]
[Round "6"]
[White "Sabuk, Piotr"]
[Black "Kowalski, Igor"]
[Result "0-1"]
[WhiteElo "2310"]
[BlackElo "2407"]
[PlyCount "144"]
[EventDate "2025.04.17"]
[EventType "swiss"]
[EventRounds "9"]
[EventCountry "GER"]
[SourceTitle "CB17_2025"]
[SourceDate "2025.04.23"]
[SourceVersion "1"]
[SourceVersionDate "2025.04.23"]
[SourceQuality "1"]

1. d4 Nf6 2. c4 e6 3. Nc3 Bb4 4. e3 0-0 5. Bd3 d5 6. a3 Bxc3+ 7. bxc3 dxc4 8. Bxc4 c5 9. Nf3 Qc7 10. Be2 b6 11. Bb2 cxd4 12. cxd4 Ba6 13. Bxa6 Nxa6 14. Qa4 Qb7 15. 0-0 Rac8 16. Rfc1 Nb8 17. Ne5 Nfd7 18. Nc4 Rc6 19. Rc3 Nf6 20. Qb5 Qc7 21. Rcc1 Rc8 22. Nd2 h6 23. a4 Qd7 24. Qb3 Qd5 25. Rxc6 Nxc6 26. Rc1 Qxb3 27. Nxb3 Ne7 28. f3 Rxc1+ 29. Bxc1 Nfd5 30. Bd2 Nc6 31. Kf2 Kf8 32. Ke2 Ndb4 33. e4 Ke7 34. Bc1 Kd7 35. Bb2 f6 36. Kd2 Ne7 37. Ba3 Nbc6 38. Kc3 h5 39. Kc4 a6 40. Bc1 g5 41. Be3 Nc8 42. Kc3 Nd6 43. Kd3 Nb4+ 44. Kc3 Nc6 45. Bc1 g4 46. Ba3 gxf3 47. gxf3 Nf7 48. Kd3 Nd6 49. Kc3 Nf7 50. Bc1 f5 51. d5 exd5 52. exf5 Nd6 53. Nd4 Ne7 54. f6 Nef5 55. Bf4 Ke8 56. Be5 Kf7 57. Kb4 Nxd4 58. Bxd4 a5+ 59. Kb3 b5 60. axb5 Nxb5 61. Be5 Na7 62. Ka4 Nc6 63. Bc3 d4 64. Bd2 Kxf6 65. Kb5 Ne5 66. Bxa5 d3 67. Ka4 Nxf3 68. Kb3 Kf5 69. h3 Ke4 70. Bb6 Ne5 71. Kc3 Kf3 72. Ba5 Ke2 0-1

[Event "Gora Sw Anny 14th"]
[Site "Gora Sw Anny"]
[Date "2025.02.06"]
[Round "6"]
[White "Praczukowski, Stanislaw"]
[Black "Sabuk, Piotr"]
[Result "1/2-1/2"]
[WhiteElo "2140"]
[BlackElo "2338"]
[PlyCount "99"]
[EventDate "2025.02.03"]
[EventType "tourn"]
[EventRounds "9"]
[EventCountry "POL"]
[EventCategory "1"]
[SourceTitle "CB07_2025"]
[SourceDate "2025.02.12"]
[SourceVersion "1"]
[SourceVersionDate "2025.02.12"]
[SourceQuality "1"]

1. e4 c6 2. d4 d5 3. Nc3 dxe4 4. Nxe4 Nf6 5. Nxf6+ exf6 6. Be3 Bd6 7. Bd3 Bf5 8. Ne2 Na6 9. 0-0 Bg6 10. a3 Nc7 11. c4 0-0 12. Qc2 Re8 13. Nc3 Qd7 14. Rad1 b5 15. cxb5 cxb5 16. Rfe1 Rac8 17. Bxg6 hxg6 18. d5 Nxd5 19. Rxd5 Bxh2+ 20. Kxh2 Qxd5 21. Qe2 Qd6+ 22. Kg1 a6 23. Rd1 Qc6 24. Qd3 g5 25. Rd2 Qc7 26. Qd6 Re6 27. Qd3 Rc6 28. Rd1 Qe5 29. Bd4 Qd6 30. Ne4 Qd5 31. Bc3 Qb3 32. Qd5 Qc4 33. Rd4 Qxd5 34. Rxd5 g4 35. Kh2 Rc4 36. f3 gxf3 37. gxf3 Rb8 38. Kg3 Rbc8 39. Kf2 Kh7 40. Ke3 Kg6 41. Rd1 Re8 42. Kf2 Re6 43. Rg1+ Kh7 44. Rh1+ Kg8 45. Rd1 Rc7 46. Rg1 Kh7 47. Rh1+ Kg8 48. Rg1 Kh7 49. Rh1+ Kg8 50. Rg1 1/2-1/2

[Event "Gora Sw Anny 14th"]
[Site "Gora Sw Anny"]
[Date "2025.02.04"]
[Round "2"]
[White "Sabuk, Piotr"]
[Black "Omelja, Artem"]
[Result "0-1"]
[WhiteElo "2338"]
[BlackElo "2413"]
[PlyCount "60"]
[EventDate "2025.02.03"]
[EventType "tourn"]
[EventRounds "9"]
[EventCountry "POL"]
[EventCategory "1"]
[SourceTitle "CB07_2025"]
[SourceDate "2025.02.12"]
[SourceVersion "1"]
[SourceVersionDate "2025.02.12"]
[SourceQuality "1"]

1. d4 Nf6 2. c4 e6 3. Nf3 d5 4. g3 Bb4+ 5. Bd2 Be7 6. Bg2 0-0 7. 0-0 c6 8. Qc2 Nbd7 9. Rd1 b6 10. b3 Bb7 11. Nc3 c5 12. cxd5 exd5 13. Bf4 Rc8 14. Qb2 Re8 15. Nb5 a6 16. Nd6 Bxd6 17. Bxd6 c4 18. Rac1 Ne4 19. Bf4 c3 20. Qb1 c2 21. Rxc2 Nc3 22. Rxc3 Rxc3 23. Qb2 Qc8 24. Bh3 Rc2 25. Qb1 Rexe2 26. Ne5 Nxe5 27. Bxc8 Nf3+ 28. Kg2 Rxf2+ 29. Kh3 Bxc8+ 30. g4 h5 0-1

[Event "Roquetas de Mar op 36th"]
[Site "Roquetas de Mar"]
[Date "2025.01.06"]
[Round "8"]
[White "Sabuk, Piotr"]
[Black "Gomez Carreno, Martin"]
[Result "1-0"]
[WhiteElo "2375"]
[BlackElo "2190"]
[PlyCount "135"]
[EventDate "2025.01.02"]
[EventType "swiss"]
[EventRounds "9"]
[EventCountry "ESP"]
[SourceTitle "CB02_2025"]
[SourceDate "2025.01.08"]
[SourceVersion "1"]
[SourceVersionDate "2025.01.08"]
[SourceQuality "1"]

1. d4 Nf6 2. c4 e6 3. Nf3 d5 4. g3 Bb4+ 5. Nc3 0-0 6. Bg2 dxc4 7. 0-0 Nc6 8. a3 Ba5 9. Bg5 h6 10. Bxf6 Qxf6 11. Qa4 Bb6 12. e3 Na5 13. Ne5 Qe7 14. Ne4 Rd8 15. Nxc4 Bd7 16. Qc2 Nxc4 17. Qxc4 Bc6 18. Rfd1 Bd5 19. Qc3 c6 20. Rac1 Rac8 21. b4 Rd7 22. a4 a6 23. Rd2 Rcd8 24. Rb2 Bxe4 25. Bxe4 Bc7 26. f4 Bb6 27. Kg2 f5 28. Bf3 g5 29. Kh1 Qf6 30. Rg2 Rg7 31. Rcg1 Kh8 32. Bd1 Rdg8 33. Bc2 Qd8 34. Bb3 Qf6 35. Qc4 Rg6 36. Rf1 gxf4 37. Rxf4 Bc7 38. Rf1 h5 39. e4 f4 40. e5 Qg5 41. Bc2 Rh6 42. Qe2 Qd8 43. Rxf4 h4 44. g4 h3 45. Rg3 Qd5+ 46. Qf3 Bd8 47. Qxd5 cxd5 48. Rff3 Kg7 49. Rxh3 Rxh3 50. Rxh3 Rh8 51. Rc3 Bb6 52. Kg2 Rf8 53. Kg3 Bxd4 54. Rc7+ Rf7 55. Rxf7+ Kxf7 56. Kf4 Bc3 57. b5 axb5 58. axb5 Bd2+ 59. Kf3 Bc3 60. g5 Bxe5 61. h4 Bb2 62. h5 e5 63. Kg4 Ke6 64. Bf5+ Kd6 65. h6 e4 66. g6 e3 67. Kf3 Ke7 68. g7 1-0

[Event "Roquetas de Mar op 36th"]
[Site "Roquetas de Mar"]
[Date "2025.01.05"]
[Round "6"]
[White "Sabuk, Piotr"]
[Black "Carrascoso Morales, Abel"]
[Result "0-1"]
[WhiteElo "2375"]
[BlackElo "2172"]
[PlyCount "58"]
[EventDate "2025.01.02"]
[EventType "swiss"]
[EventRounds "9"]
[EventCountry "ESP"]
[SourceTitle "CB02_2025"]
[SourceDate "2025.01.08"]
[SourceVersion "1"]
[SourceVersionDate "2025.01.08"]
[SourceQuality "1"]

1. d4 Nf6 2. c4 g6 3. Nc3 Bg7 4. e4 d6 5. h3 0-0 6. Be3 c5 7. Nf3 cxd4 8. Nxd4 b6 9. g4 Bb7 10. Bg2 Nc6 11. Nde2 Nd7 12. 0-0 Nc5 13. f4 a6 14. Rb1 b5 15. b4 Nd7 16. c5 dxc5 17. bxc5 Na5 18. a4 Nc4 19. Bf2 Rc8 20. axb5 Nxc5 21. bxa6 Bxa6 22. Nd5 e6 23. Nb4 Nd2 24. Bxc5 Bxe2 25. Qxe2 Rxc5 26. Rbd1 Bd4+ 27. Rf2 Nxe4 28. Bxe4 Bxf2+ 29. Kg2 Qh4 0-1

[Event "Lorca op 13th"]
[Site "Lorca"]
[Date "2024.12.28"]
[Round "5"]
[White "Sabuk, Piotr"]
[Black "Valdepenas Octavio, Javier"]
[Result "1/2-1/2"]
[WhiteElo "2385"]
[BlackElo "2145"]
[PlyCount "54"]
[EventDate "2024.12.26"]
[EventType "swiss"]
[EventRounds "9"]
[EventCountry "ESP"]
[SourceTitle "CB02_2025"]
[SourceDate "2025.01.08"]
[SourceVersion "1"]
[SourceVersionDate "2025.01.08"]
[SourceQuality "1"]

1. d4 d5 2. c4 e6 3. Nf3 Nf6 4. g3 dxc4 5. Bg2 a6 6. 0-0 Nc6 7. Qd2 Rb8 8. Ne5 Bd7 9. Nxc4 Bb4 10. Nc3 0-0 11. Rd1 Qe7 12. Qc2 Bd6 13. Bf4 Bxf4 14. gxf4 Nb4 15. Qd2 Rfd8 16. a3 Nbd5 17. Rac1 Bc6 18. Nb1 Nh5 19. e3 Qh4 20. Ne5 Ndxf4 21. exf4 Bxg2 22. Kxg2 f6 23. Nd3 Qg4+ 24. Kh1 Qf3+ 25. Kg1 Qg4+ 26. Kh1 Qf3+ 27. Kg1 Qg4+ 1/2-1/2

[Event "POL-chT Ekstraliga"]
[Site "Walbrzych"]
[Date "2024.10.09"]
[Round "3.2"]
[White "Malek, Jan"]
[Black "Sabuk, Piotr"]
[Result "1-0"]
[WhiteElo "2479"]
[BlackElo "2402"]
[PlyCount "69"]
[EventDate "2024.10.07"]
[EventType "team-tourn"]
[EventRounds "9"]
[EventCountry "POL"]
[SourceTitle "CB42_2024"]
[Source "ChessBase"]
[SourceDate "2024.10.16"]
[SourceVersion "1"]
[SourceVersionDate "2024.10.16"]
[SourceQuality "1"]
[WhiteTeam "Legnica Miedz"]
[BlackTeam "Wisznia Mala Bialy Krol"]
[WhiteTeamCountry "POL"]
[BlackTeamCountry "POL"]

1. Nf3 d5 2. d4 Nf6 3. c4 e6 4. Nc3 Bb4 5. Qa4+ Nc6 6. e3 0-0 7. Qc2 Re8 8. Bd2 Bf8 9. a3 h6 10. Ne5 Nxe5 11. dxe5 Nd7 12. f4 c6 13. h4 f6 14. g4 fxe5 15. g5 e4 16. 0-0-0 h5 17. Be2 g6 18. Nxe4 dxe4 19. Qxe4 Bg7 20. Qxg6 Nf8 21. Qc2 Bd7 22. Bxh5 Qe7 23. Bxe8 Bxe8 24. h5 b5 25. e4 bxc4 26. Qxc4 Rb8 27. e5 Nd7 28. Be3 Bf8 29. Rd6 Qh7 30. g6 Bxg6 31. Qxe6+ Bf7 32. Qxd7 Qe4 33. Rg1+ Kh8 34. Bd4 Bd5 35. Rf6 1-0

[Event "POL-chT Ekstraliga"]
[Site "Walbrzych"]
[Date "2024.10.07"]
[Round "1.14"]
[White "Donchenko, Alexander"]
[Black "Sabuk, Piotr"]
[Result "1-0"]
[WhiteElo "2626"]
[BlackElo "2402"]
[PlyCount "85"]
[EventDate "2024.10.07"]
[EventType "team-tourn"]
[EventRounds "9"]
[EventCountry "POL"]
[SourceTitle "CB42_2024"]
[Source "ChessBase"]
[SourceDate "2024.10.16"]
[SourceVersion "1"]
[SourceVersionDate "2024.10.16"]
[SourceQuality "1"]
[WhiteTeam "Raciborz Silesia"]
[BlackTeam "Wisznia Mala Bialy Krol"]
[WhiteTeamCountry "POL"]
[BlackTeamCountry "POL"]

1. Nf3 d5 2. g3 Nf6 3. Bg2 c5 4. 0-0 e6 5. d3 Nc6 6. e4 Be7 7. Qe2 h6 8. e5 Nd7 9. c4 d4 10. Nbd2 Qc7 11. Ne4 g5 12. Re1 Ndxe5 13. Nexg5 Ng6 14. Ne4 Bd7 15. h4 f5 16. Ned2 h5 17. a3 a5 18. Nf1 f4 19. Qe4 Rg8 20. Bxf4 Nxf4 21. Qxf4 Qxf4 22. gxf4 0-0-0 23. Ng3 Rg4 24. Re4 Bxh4 25. Nxh5 Rh8 26. Nxh4 Rxh5 27. Nf3 Rf5 28. Rae1 Rfxf4 29. Rxf4 Rxf4 30. Ng5 Nd8 31. Bh3 Rf6 32. Kg2 Rg6 33. f4 Nf7 34. Rxe6 Rg8 35. Kh2 Nxg5 36. fxg5 Rg7 37. Re8+ Kc7 38. Bxd7 Kxd7 39. Re5 b6 40. Kg3 Kd6 41. Kf4 Rf7+ 42. Rf5 Re7 43. g6 1-0

[Event "POL-ch Rapid"]
[Site "Lublin"]
[Date "2024.10.05"]
[Round "1"]
[White "Pietryk, Joanna"]
[Black "Sabuk, Piotr"]
[Result "0-1"]
[WhiteElo "1811"]
[BlackElo "2402"]
[PlyCount "54"]
[EventDate "2024.10.05"]
[EventType "swiss (rapid)"]
[EventRounds "9"]
[EventCountry "POL"]
[SourceTitle "CB45_2024"]
[Source "ChessBase"]
[SourceDate "2024.11.06"]
[SourceVersion "1"]
[SourceVersionDate "2024.11.06"]
[SourceQuality "1"]

1. e4 e5 2. Nf3 Nc6 3. Bb5 a6 4. Ba4 Bc5 5. 0-0 Nge7 6. c3 Ng6 7. h3 Ba7 8. d4 0-0 9. Bb3 d6 10. Bg5 Qe8 11. Re1 Kh8 12. d5 Nce7 13. c4 f5 14. Nc3 f4 15. Bxe7 Qxe7 16. Rc1 Nh4 17. Nxh4 Qxh4 18. Qf3 g5 19. Bd1 g4 20. hxg4 Rg8 21. Rc2 Bxg4 22. Qd3 f3 23. Bxf3 Bxf3 24. Qxf3 Raf8 25. Qd3 Bxf2+ 26. Rxf2 Qxf2+ 27. Kh1 Qxg2# 0-1

[Event "POL-ch Rapid"]
[Site "Lublin"]
[Date "2024.10.05"]
[Round "2"]
[White "Sabuk, Piotr"]
[Black "Binkowska, Agata"]
[Result "1-0"]
[WhiteElo "2402"]
[BlackElo "1942"]
[PlyCount "183"]
[EventDate "2024.10.05"]
[EventType "swiss (rapid)"]
[EventRounds "9"]
[EventCountry "POL"]
[SourceTitle "CB45_2024"]
[Source "ChessBase"]
[SourceDate "2024.11.06"]
[SourceVersion "1"]
[SourceVersionDate "2024.11.06"]
[SourceQuality "1"]

1. d4 d5 2. c4 e6 3. Nf3 Nf6 4. g3 c6 5. Bg2 Be7 6. 0-0 Ne4 7. Nfd2 f5 8. Nxe4 dxe4 9. Nc3 0-0 10. f3 exf3 11. exf3 Bf6 12. Be3 Qb6 13. Qd2 Rd8 14. Rad1 Qb4 15. Qe2 Na6 16. f4 Nc7 17. Rd2 Bd7 18. Rfd1 Be8 19. Bf2 Bf7 20. Kh1 Re8 21. Rc1 Rad8 22. Nb1 a5 23. Qe3 Na6 24. Qb3 Qe7 25. Rcd1 Bh5 26. Re1 Qc7 27. Nc3 Bf7 28. Bf3 Rd7 29. Na4 Red8 30. Nb6 Nc5 31. Nxd7 Nxb3 32. Nxf6+ gxf6 33. axb3 b5 34. cxb5 cxb5 35. Kg2 e5 36. fxe5 fxe5 37. Be3 e4 38. Be2 Qc6 39. Rf1 Qd7 40. Rc2 Bxb3 41. Rc5 Be6 42. Bxb5 Qb7 43. Rf2 Kg7 44. Rfc2 Rc8 45. Bc6 Qb6 46. d5 Bf7 47. Bd4+ Kg6 48. Bf2 Qb4 49. R5c4 Qb3 50. R4c3 Qb4 51. Be3 a4 52. Rc4 Qb3 53. R4c3 Qb4 54. Kf2 Qa5 55. Rc5 Qa7 56. Rb5 Qe7 57. Rb6 Kg7 58. Bd4+ Kg8 59. Rb5 a3 60. Bc5 e3+ 61. Bxe3 Qe4 62. Rd2 a2 63. Ra5 h5 64. Rxa2 Rxc6 65. Ra8+ Kg7 66. dxc6 Qxc6 67. Ra7 Kg6 68. Rad7 Be6 69. R7d6 Qc4 70. R6d4 Qb3 71. R4d3 Qb5 72. Rc3 h4 73. Bc5 Kf7 74. b4 h3 75. Re3 Qc6 76. Rf3 Qe4 77. Rf4 Qg2+ 78. Ke3 Qg1+ 79. Rff2 Qc1 80. Kf4 Kg6 81. Ke5 Bc8 82. Rd8 Qe1+ 83. Kd6 Ba6 84. Kc7 Qe5+ 85. Kb6 Bc4 86. Rfd2 Kh5 87. R8d6 Qe8 88. Rd8 Qb5+ 89. Kc7 Qa6 90. Rh8+ Kg4 91. Rh4+ Kf3 92. Rf4# 1-0

[Event "POL-ch Rapid"]
[Site "Lublin"]
[Date "2024.10.05"]
[Round "7"]
[White "Sabuk, Piotr"]
[Black "Madrawski, Krzysztof"]
[Result "1-0"]
[WhiteElo "2402"]
[BlackElo "2054"]
[PlyCount "137"]
[EventDate "2024.10.05"]
[EventType "swiss (rapid)"]
[EventRounds "9"]
[EventCountry "POL"]
[SourceTitle "CB45_2024"]
[Source "ChessBase"]
[SourceDate "2024.11.06"]
[SourceVersion "1"]
[SourceVersionDate "2024.11.06"]
[SourceQuality "1"]

1. d4 d5 2. c4 dxc4 3. e4 e5 4. Nf3 Bb4+ 5. Nc3 exd4 6. Nxd4 Ne7 7. Bf4 0-0 8. Ndb5 Na6 9. Bxc4 c6 10. Nd6 Be6 11. Ndb5 Bc8 12. Nd6 Be6 13. Be2 Nc5 14. 0-0 Bxc3 15. bxc3 Qa5 16. Qd4 Na4 17. Qb4 Qxb4 18. cxb4 Nc3 19. Bf3 Nxa2 20. Nxb7 Nc3 21. Rfc1 Nb5 22. Nc5 Rad8 23. Be2 Nd4 24. Bf1 Ng6 25. Bg5 Rb8 26. Na6 Rb6 27. Be3 Nb3 28. Bxb6 axb6 29. Nc7 Nxc1 30. Rxc1 Bd7 31. Rd1 Bc8 32. Rd6 Bb7 33. b5 Rc8 34. bxc6 Rxc7 35. cxb7 Rxb7 36. Rd8+ Nf8 37. Bb5 g6 38. f4 Kg7 39. Rd6 Ne6 40. g3 Rb8 41. Kf2 Nc5 42. Kf3 Ra8 43. e5 Ra3+ 44. Kg2 Ra2+ 45. Kh3 Ne4 46. Rxb6 Nf2+ 47. Kh4 Nd1 48. Rb7 Rxh2+ 49. Kg4 h5+ 50. Kf3 Rf2+ 51. Ke4 Nc3+ 52. Ke3 Nd1+ 53. Kd4 Rd2+ 54. Kc5 Rc2+ 55. Kd6 Nc3 56. Bc6 Rd2+ 57. Kc5 Ne2 58. e6 Nxg3 59. Rxf7+ Kg8 60. Rd7 Rc2+ 61. Kb6 Nf5 62. Be4 Rb2+ 63. Kc7 Ng7 64. Bd5 Rc2+ 65. Kd8 Kh8 66. e7 Rf2 67. Rd6 Rxf4 68. Rxg6 Rd4 69. Rh6# 1-0

[Event "POL-ch Rapid"]
[Site "Lublin"]
[Date "2024.10.05"]
[Round "3"]
[White "Turek, Michal"]
[Black "Sabuk, Piotr"]
[Result "0-1"]
[WhiteElo "1938"]
[BlackElo "2402"]
[PlyCount "94"]
[EventDate "2024.10.05"]
[EventType "swiss (rapid)"]
[EventRounds "9"]
[EventCountry "POL"]
[SourceTitle "CB45_2024"]
[Source "ChessBase"]
[SourceDate "2024.11.06"]
[SourceVersion "1"]
[SourceVersionDate "2024.11.06"]
[SourceQuality "1"]

1. e4 c6 2. Nc3 d5 3. Nf3 dxe4 4. Nxe4 Nf6 5. Qe2 Nxe4 6. Qxe4 Qd5 7. Qh4 Qe6+ 8. Be2 Qg4 9. Qg3 g6 10. d4 Bg7 11. c3 0-0 12. Bf4 Qxg3 13. hxg3 Nd7 14. 0-0-0 Nf6 15. Ne5 h5 16. Bc4 Nd5 17. Bd2 Bf5 18. Rde1 Rad8 19. Nf3 Rfe8 20. Bb3 Kf8 21. Ne5 Bxe5 22. Rxe5 Be6 23. Rhe1 Nc7 24. Bc2 Rd5 25. b3 Kg7 26. Bf4 Rc8 27. Kb2 Kg8 28. R5e3 Kg7 29. Be5+ Kh7 30. Rf3 Ne8 31. Bf4 Ng7 32. Rfe3 Rd7 33. Be5 Re8 34. Bxg7 Kxg7 35. Re5 Kf6 36. R1e3 Red8 37. Rf3+ Kg7 38. Rfe3 Rd5 39. R5e4 R8d7 40. Rf4 a5 41. f3 Rg5 42. g4 hxg4 43. fxg4 Rxg4 44. Rxg4 Bxg4 45. Re5 b6 46. Be4 f6 47. Bxc6 fxe5 0-1

[Event "Wroclaw Anderssen Memorial op"]
[Site "Wroclaw"]
[Date "2024.08.15"]
[Round "2"]
[White "Sabuk, Piotr"]
[Black "Sakharchuk, Aliaksandr"]
[Result "1-0"]
[WhiteElo "2401"]
[BlackElo "1741"]
[PlyCount "143"]
[EventDate "2024.08.15"]
[EventType "swiss (blitz)"]
[EventRounds "9"]
[EventCountry "POL"]
[SourceTitle "CBM 221 Extra"]
[Source "ChessBase"]
[SourceDate "2024.09.30"]
[SourceVersion "1"]
[SourceVersionDate "2024.09.30"]
[SourceQuality "1"]

1. d4 Nf6 2. c4 c5 3. d5 d6 4. Nc3 g6 5. e4 Bg7 6. h3 h5 7. Nf3 Qa5 8. Bd3 Nbd7 9. 0-0 0-0 10. Re1 a6 11. Bd2 Qc7 12. a3 b6 13. Bf4 Nh7 14. Qd2 e5 15. dxe6 fxe6 16. Bg3 Bb7 17. Bc2 Ne5 18. Nxe5 dxe5 19. Rad1 Rad8 20. Qc1 Rd4 21. b3 Rfd8 22. f3 Nf8 23. Bf2 Rxd1 24. Rxd1 Rxd1+ 25. Nxd1 Qd7 26. Nb2 Kh7 27. Nd3 Qd6 28. b4 Nd7 29. Qb2 Bc6 30. Kf1 Bf8 31. Ke2 Qc7 32. Qc3 Bb7 33. Be3 Be7 34. g4 h4 35. g5 cxb4 36. axb4 a5 37. bxa5 bxa5 38. Bb3 Ba6 39. Ba4 Bd6 40. Bxd7 Qxd7 41. Qxa5 Bxc4 42. Qa7 Qxa7 43. Bxa7 Bb4 44. Bf2 Kg7 45. Bxh4 Bc3 46. Bg3 Bb2 47. Kd2 Bxd3 48. Kxd3 Kf7 49. Be1 Bc1 50. Bd2 Ba3 51. Bc3 Bc1 52. Bd2 Ba3 53. h4 Bc5 54. Be3 Bb4 55. Bf2 Ba5 56. Bg3 Bc7 57. Kc4 Ke7 58. Kb5 Kd6 59. Bf2 Bd8 60. Bb6 Bxg5 61. hxg5 Ke7 62. Kc6 Kf7 63. Kd7 Kg7 64. Kxe6 Kh7 65. Kxe5 Kg8 66. Kf6 Kh7 67. e5 Kh8 68. e6 Kg8 69. e7 Kh7 70. Kf7 Kh8 71. Kxg6 Kg8 72. e8R# 1-0

[Event "Leca da Palmeira op 3rd"]
[Site "Leca da Palmeira"]
[Date "2024.08.03"]
[Round "6"]
[White "Gholami Orimi, Mahdi"]
[Black "Sabuk, Piotr"]
[Result "1-0"]
[WhiteElo "2505"]
[BlackElo "2412"]
[PlyCount "103"]
[EventDate "2024.07.31"]
[EventType "swiss"]
[EventRounds "9"]
[EventCountry "POR"]
[SourceTitle "EXT 2025"]
[Source "ChessBase"]
[SourceDate "2024.10.14"]
[SourceVersion "1"]
[SourceVersionDate "2024.10.14"]
[SourceQuality "1"]

1. d4 d5 2. c4 e6 3. Nc3 Nf6 4. cxd5 exd5 5. Bg5 Be7 6. e3 h6 7. Bh4 0-0 8. Bd3 c6 9. Nge2 Re8 10. 0-0 Nbd7 11. f3 b5 12. Bf2 Bb7 13. Rc1 a6 14. Bb1 Bf8 15. Nf4 Rc8 16. Nce2 a5 17. Ng3 c5 18. dxc5 Bxc5 19. Nf5 Ne5 20. b3 Qb6 21. Qd2 g6 22. Nd4 Nc6 23. Nd3 Ba3 24. Rc2 Nxd4 25. exd4 Rxc2 26. Bxc2 Bf8 27. Nc5 Bc6 28. a3 Nd7 29. b4 Qa7 30. h4 h5 31. Qf4 Qb8 32. Qg5 Be7 33. Qd2 axb4 34. axb4 Bf6 35. Bd3 Nb6 36. Ra1 Qc7 37. Ra6 Ra8 38. Rxa8+ Nxa8 39. Qa2 Kg7 40. Bxb5 Bxb5 41. Qxa8 Bc6 42. Qa6 Be8 43. b5 Qf4 44. Nd3 Qd2 45. b6 Bc6 46. Ne5 Bxh4 47. g3 Qc1+ 48. Kg2 Bf6 49. b7 Bxe5 50. dxe5 h4 51. b8Q h3+ 52. Kh2 1-0

[Event "Leca da Palmeira op 3rd"]
[Site "Leca da Palmeira"]
[Date "2024.08.02"]
[Round "4"]
[White "Sabuk, Piotr"]
[Black "Kovchan, Alexander"]
[Result "1/2-1/2"]
[WhiteElo "2412"]
[BlackElo "2455"]
[PlyCount "35"]
[EventDate "2024.07.31"]
[EventType "swiss"]
[EventRounds "9"]
[EventCountry "POR"]
[SourceTitle "EXT 2025"]
[Source "ChessBase"]
[SourceDate "2024.10.14"]
[SourceVersion "1"]
[SourceVersionDate "2024.10.14"]
[SourceQuality "1"]

1. d4 Nf6 2. c4 g6 3. Nc3 d5 4. Nf3 Bg7 5. Bg5 Ne4 6. Bf4 Nxc3 7. bxc3 c5 8. cxd5 Qxd5 9. e3 cxd4 10. cxd4 Nc6 11. Be2 Qa5+ 12. Qd2 0-0 13. Qxa5 Nxa5 14. h4 Bf5 15. 0-0 Rfc8 16. Rfc1 Rxc1+ 17. Rxc1 Rc8 18. Rxc8+ 1/2-1/2

[Event "Leca da Palmeira op 3rd"]
[Site "Leca da Palmeira"]
[Date "2024.08.01"]
[Round "2"]
[White "Chidvilash, Sai Surapaneni"]
[Black "Sabuk, Piotr"]
[Result "0-1"]
[WhiteElo "2196"]
[BlackElo "2412"]
[PlyCount "116"]
[EventDate "2024.07.31"]
[EventType "swiss"]
[EventRounds "9"]
[EventCountry "POR"]
[SourceTitle "EXT 2025"]
[Source "ChessBase"]
[SourceDate "2024.10.14"]
[SourceVersion "1"]
[SourceVersionDate "2024.10.14"]
[SourceQuality "1"]

1. c4 e5 2. Nc3 Nf6 3. Nf3 Nc6 4. e4 Bb4 5. d3 d6 6. a3 Bxc3+ 7. bxc3 0-0 8. g3 Rb8 9. Bg2 b5 10. cxb5 Rxb5 11. c4 Rb7 12. h3 Na5 13. 0-0 h6 14. Bd2 c5 15. Rb1 Nc6 16. Rxb7 Bxb7 17. Nh4 Nd4 18. Bc3 Bc8 19. Bxd4 cxd4 20. Qa4 Qb6 21. Qb4 Be6 22. f4 Qc7 23. Rb1 Nd7 24. f5 Rb8 25. Qe1 Rxb1 26. Qxb1 Bxc4 27. Qc1 d5 28. exd5 e4 29. Qxc4 Qxg3 30. dxe4 d3 31. Nf3 Ne5 32. Nxe5 d2 33. Qf1 Qe3+ 34. Kh2 Qe1 35. Qxe1 dxe1Q 36. Nc6 f6 37. Nxa7 Qa5 38. Nc6 Qxa3 39. h4 Kf8 40. Nd4 Kf7 41. Ne6 Qe3 42. Nd8+ Kg8 43. Ne6 h5 44. d6 Qd2 45. d7 Qxd7 46. Nf4 Qd1 47. Ng6 Qe1 48. Kh3 Qf2 49. Bh1 Kf7 50. Bg2 Ke8 51. Bh1 Kd7 52. Nf8+ Kd6 53. Ng6 Kc5 54. Bg2 Kd4 55. Bh1 Ke3 56. Bg2 Ke2 57. Kh2 Qe3 58. e5 Kf2 0-1

[Event "Leca da Palmeira op 3rd"]
[Site "Leca da Palmeira"]
[Date "2024.07.31"]
[Round "1"]
[White "Sabuk, Piotr"]
[Black "Ordonez Torres, Maria del Carmen"]
[Result "1-0"]
[WhiteElo "2412"]
[BlackElo "2043"]
[PlyCount "81"]
[EventDate "2024.07.31"]
[EventType "swiss"]
[EventRounds "9"]
[EventCountry "POR"]
[SourceTitle "EXT 2025"]
[Source "ChessBase"]
[SourceDate "2024.10.14"]
[SourceVersion "1"]
[SourceVersionDate "2024.10.14"]
[SourceQuality "1"]

1. d4 Nf6 2. c4 g6 3. Nc3 Bg7 4. e4 d6 5. Nf3 0-0 6. h3 a5 7. Be3 Na6 8. Nd2 e5 9. d5 Nd7 10. g4 Ndc5 11. Rg1 Kh8 12. g5 f5 13. h4 f4 14. Bxc5 Nxc5 15. h5 gxh5 16. Qxh5 Bd7 17. Nf3 Be8 18. g6 h6 19. 0-0-0 Rf6 20. Bh3 Rb8 21. Bf5 c6 22. Nh2 b5 23. cxb5 cxb5 24. Ng4 Rxf5 25. exf5 Qg5 26. Qxg5 hxg5 27. Rh1+ Kg8 28. f3 Bd7 29. f6 Bxg4 30. fxg7 Bxf3 31. Rh8+ Kxg7 32. Rxb8 b4 33. Rf1 g4 34. Rxf3 bxc3 35. Rxc3 g3 36. Kd2 Ne4+ 37. Ke2 Nxc3+ 38. bxc3 e4 39. Re8 f3+ 40. Ke3 Kxg6 41. Rg8+ 1-0

[Event "Pozarevac Rudar IM 07"]
[Site "Pozarevac"]
[Date "2024.07.29"]
[Round "9"]
[White "Sukovic, Andrej"]
[Black "Sabuk, Piotr"]
[Result "0-1"]
[WhiteElo "2350"]
[BlackElo "2412"]
[PlyCount "80"]
[EventDate "2024.07.22"]
[EventType "tourn"]
[EventRounds "9"]
[EventCountry "SRB"]
[SourceTitle "CBM 221 Extra"]
[Source "ChessBase"]
[SourceDate "2024.09.30"]
[SourceVersion "1"]
[SourceVersionDate "2024.09.30"]
[SourceQuality "1"]

1. Nf3 d5 2. g3 Nf6 3. Bg2 c5 4. 0-0 e6 5. c4 d4 6. e3 Nc6 7. exd4 cxd4 8. d3 Bd6 9. Bg5 h6 10. Bxf6 Qxf6 11. a3 a5 12. Nbd2 Qd8 13. Qc2 0-0 14. Rfe1 Re8 15. c5 Bf8 16. b3 Bd7 17. Rab1 Rc8 18. b4 b6 19. b5 Na7 20. c6 Nxb5 21. Rxb5 Bxc6 22. Qb1 Bxb5 23. Qxb5 Bxa3 24. Nc4 Rc5 25. Qa6 Bb4 26. Rb1 e5 27. Ncd2 Qc8 28. Qxc8 Rexc8 29. Nb3 Rb5 30. Nbd2 Rcc5 31. Nc4 Bc3 32. Rd1 e4 33. Nh4 exd3 34. Nd6 Rb2 35. Bf1 d2 36. Nf3 Rc2 37. Ne4 Rc1 38. Rxd2 Bxd2 39. Nxc5 bxc5 40. Nxd2 a4 0-1